[Event "Romania blitz online op final"]
[Site "Chess.com INT"]
[Date "2020.05.06"]
[Round "6"]
[White "Geafer, Andrei Ninel"]
[Black "Cazan, Calin Claudiu"]
[Result "0-1"]
[WhiteElo "1687"]
[BlackElo "1794"]
[PlyCount "62"]
[EventDate "2020.05.06"]
[EventType "swiss (blitz)"]
[EventRounds "9"]
[EventCountry "ROU"]
[SourceTitle "CBM 196 Extra"]
[Source "ChessBase"]
[SourceDate "2020.07.31"]
[SourceVersion "1"]
[SourceVersionDate "2020.07.31"]
[SourceQuality "1"]

1. e4 g6 2. d4 Bg7 3. c4 c5 4. d5 d6 5. Nc3 Nd7 6. Nf3 Ne5 7. Bd2 Nxf3+ 8. Qxf3 Bd4 9. Be2 Nf6 10. h3 0-0 11. Bh6 Re8 12. 0-0 Bd7 13. Bd3 Qa5 14. Ne2 Bxb2 15. Rab1 Qa3 16. Ng3 Rab8 17. h4 b5 18. h5 Bg4 19. Qe3 Bd4 20. Qd2 bxc4 21. Bxc4 Qxg3 22. hxg6 Bf3 23. gxf7+ Kxf7 24. Qg5 Rg8 25. Qxg3 Rxg3 26. Kh2 Rxg2+ 27. Kh3 Be5 28. Rh1 Rg6 29. Be3 Bxh1 30. Rxb8 Bxe4 31. f4 Bd4 0-1

[Event "Romania blitz online op final"]
[Site "Chess.com INT"]
[Date "2020.05.06"]
[Round "8"]
[White "Tablan, Matei Christian"]
[Black "Cazan, Calin Claudiu"]
[Result "1-0"]
[WhiteElo "1882"]
[BlackElo "1794"]
[PlyCount "71"]
[EventDate "2020.05.06"]
[EventType "swiss (blitz)"]
[EventRounds "9"]
[EventCountry "ROU"]
[SourceTitle "CBM 196 Extra"]
[Source "ChessBase"]
[SourceDate "2020.07.31"]
[SourceVersion "1"]
[SourceVersionDate "2020.07.31"]
[SourceQuality "1"]

1. d4 g6 2. h4 h5 3. e3 Bg7 4. g3 d6 5. Bg2 Nf6 6. Ne2 0-0 7. 0-0 c5 8. c3 cxd4 9. exd4 Nc6 10. Be3 Bg4 11. Qd2 Qd7 12. Na3 Bh3 13. Bh6 Bxg2 14. Kxg2 Ng4 15. Bxg7 Kxg7 16. Nc4 b6 17. Ne3 Nxe3+ 18. fxe3 Qb7 19. Kh2 Na5 20. Qd3 Rac8 21. e4 Nc4 22. b3 Na5 23. c4 Qd7 24. Rf3 Nc6 25. Raf1 Nb4 26. Qb1 a5 27. d5 f6 28. Nd4 Rf7 29. Ne6+ Kh7 30. Ng5+ Kg7 31. Nxf7 Kxf7 32. Qb2 b5 33. e5 dxe5 34. Qxe5 f5 35. Rxf5+ gxf5 36. Rxf5+ 1-0

[Event "Romania blitz online op final"]
[Site "Chess.com INT"]
[Date "2020.05.06"]
[Round "4"]
[White "Visoescu, Alexandru Bogdan"]
[Black "Cazan, Calin Claudiu"]
[Result "0-1"]
[WhiteElo "1795"]
[BlackElo "1794"]
[PlyCount "126"]
[EventDate "2020.05.06"]
[EventType "swiss (blitz)"]
[EventRounds "9"]
[EventCountry "ROU"]
[SourceTitle "CBM 196 Extra"]
[Source "ChessBase"]
[SourceDate "2020.07.31"]
[SourceVersion "1"]
[SourceVersionDate "2020.07.31"]
[SourceQuality "1"]

1. Nf3 Nf6 2. c4 d6 3. g3 g6 4. d4 Bg7 5. Bg2 0-0 6. 0-0 c5 7. dxc5 dxc5 8. Nc3 Nc6 9. a3 Be6 10. b3 Ne4 11. Nxe4 Bxa1 12. Bh6 Bg7 13. Bxg7 Kxg7 14. Qa1+ Kg8 15. Rd1 Qb6 16. Ne1 Rfd8 17. Rb1 Nd4 18. e3 Nc6 19. Qc3 Bf5 20. Nc2 Bxe4 21. Bxe4 Rd7 22. b4 Rad8 23. b5 Nb8 24. Kg2 Qe6 25. Bf3 Qf6 26. Qxf6 exf6 27. a4 b6 28. Bd5 Rd6 29. e4 Nd7 30. f4 Nf8 31. Ne3 Ne6 32. Rd1 Nd4 33. Rd3 Kg7 34. h3 h5 35. Kf2 Ne6 36. f5 Nc7 37. g4 hxg4 38. hxg4 Nxd5 39. Nxd5 Rh8 40. Kg2 Rh4 41. Kg3 Rh1 42. a5 Rc1 43. g5 fxg5 44. f6+ Rxf6 45. Nxf6 Kxf6 46. axb6 axb6 47. Rd6+ Ke5 48. Rxb6 Rxc4 49. Rb7 f6 50. Re7+ Kd4 51. b6 Rb4 52. b7 c4 53. Kf3 c3 54. Ke2 g4 55. Rd7+ Kxe4 56. Re7+ Kf5 57. Kd3 Rb6 58. Kxc3 Kf4 59. Kd3 f5 60. Ke2 g5 61. Kf2 g3+ 62. Kg2 Kg4 63. Rc7 f4 0-1